Normal view
MARC view
Entry Topical Term
001 - CONTROL NUMBER
- control field: 50509
003 - CONTROL NUMBER IDENTIFIER
- control field: ARRUPE
005 - DATE AND TIME OF LATEST TRANSACTION
- control field: 20211015104813.0
008 - FIXED-LENGTH DATA ELEMENTS
- fixed length control field: 211015|| aca||aabn | a|a d
040 ## - CATALOGING SOURCE
- Original cataloging agency: ARRUPE
- Transcribing agency: ARRUPE
150 ## - HEADING--TOPICAL TERM
- Topical term or geographic name as entry element: Hutu (African people)
- Geographic subdivision: Rwanda
- General subdivision: Politics and government
670 ## - SOURCE DATA FOUND
- Source citation: Work cat.: (ARRUPE)0: Mamdani, Mahmood, 1946- 69, When victims become killers :, c2001.